| 000 | 00000nas 2200000za 4500 |
| 001 | 9.852792 |
| 003 | CaOODSP |
| 005 | 20221107154653 |
| 007 | cr ||||||||||| |
| 008 | 180302u1976 onc|u m o f0###|0eng| |
| 040 | |aCaOODSP|beng |
| 041 | 0 |aeng|afre |
| 043 | |an-cn--- |
| 086 | 1 |aM38-13E-PDF |
| 245 | 00|aCANMET report |h[electronic resource]. |
| 246 | 13|aRapport de CANMET |
| 246 | 13|aCANMET rapport |
| 246 | 3 |aCanada Centre for Minerfal and Energy Technology report |
| 260 | |aOttawa : |bCanada Centre for Mineral and Energy Technology, |c[1976]- |
| 310 | |aIrregular |
| 500 | |aIncludes some issues in French. |
| 500 | |aSome no. have added t.p. title: Rapport de CANMET. |
| 500 | |3Some numbers issued by subordinating bodies of CANMET. |
| 500 | |aDigitized editions from print [produced by Saskatchewan Polytechnic Library]. |
| 504 | |aIncludes bibliographical references. |
| 515 | |aNumbering begins each year with no. 1. |
| 530 | |aAlso available in print format. |
| 546 | |aIncludes abstract in French. |
| 692 | 07|2gccst|aMining industry |
| 710 | 1 |aCanada. |bNatural Resources Canada. |
| 710 | 2 |aCanada Centre for Mineral and Energy Technology. |
| 775 | 08|tRapport |w(CaOODSP)9.864716 |
| 776 | 0#|tCANMET report |w(CaOODSP)9.514760 |